000 00378nam a2200145Ia 4500
008 220928s9999 xx 000 0 und d
020 _a9789382369158
082 _bKAP
100 _aKAPILA, HEMANT
245 0 _aCOMPUTER APPLICATIONS IN MECHANICAL ENGINEERING
260 _bEAGLE PRAKASHAN, JALANDHAR
_c2013
300 _aCA-86
650 _aComputer Science
942 _cBK
999 _c207083
_d207083